| 000 | 00933nam a2200241Ia 4500 | ||
|---|---|---|---|
| 003 | OSt | ||
| 005 | 20200804140112.0 | ||
| 008 | 191128s1998 ck fr 000 0 spa d | ||
| 020 | _a9586760596 | ||
| 040 |
_aCO-JMCR _cCO-JMCR |
||
| 041 | 0 | _aspa | |
| 082 | 0 | 4 |
_a343.02 / _bP397b _223 |
| 100 | 1 |
_aPenagos, Gustavo, _eautor _98350 |
|
| 245 | 1 | 4 |
_aLos bienes de uso público / _cGustavo Penagos |
| 260 |
_aBogotá : _bDoctrina y Ley, _c1998 |
||
| 300 |
_a571 páginas ; _c23 cm. |
||
| 504 | _aBibliografía: páginas 551-562 | ||
| 505 | 0 | _aLos bienes de uso público -- Caracterísiticas de los bienes de uso público -- Afectación de los bienes al uso público -- Factores para clasificar los bienes de uso público --Clasificación de los bienes de uso público | |
| 650 | 1 | 4 |
_aEspacio público _zColombia _98351 |
| 650 | 1 | 4 |
_aMedio ambiente _zColombia _98352 |
| 650 | 1 | 4 |
_aRecursos naturales _zColombia _98353 |
| 942 |
_2ddc _cBK |
||
| 999 |
_c5894 _d5894 |
||